| 000 | 00476nam a2200181Ia 4500 | ||
|---|---|---|---|
| 001 | 46800 | ||
| 008 | 140429s9999 xx 000 0 und d | ||
| 020 | _aNA | ||
| 040 | _cPK-LaUMT | ||
| 082 |
_aRHC 891.551 _bGHA-C |
||
| 100 | _aAkhtar Hasan | ||
| 245 |
_aGhalib ki farsi masnavi charaagh-e-dair (Persian) _cAkhtar Hasan |
||
| 260 |
_aHyderabad,India: _bIndian languages Forum, _c1974 |
||
| 300 | _a79 p. | ||
| 546 | _aPersian | ||
| 650 | _aFarsi literature | ||
| 942 | _cBK | ||
| 999 |
_c44749 _d44749 |
||